Juguetes: 100 años de fabricación chilena
Uloženo v:
| Hlavní autor: | |
|---|---|
| Médium: | Kniha |
| Jazyk: | španělština |
| Vydáno: |
Santiago
Ocho Libros
2010
|
| Vydání: | 1a. ed |
| Témata: | |
| Tagy: |
Přidat tag
Žádné tagy, Buďte první, kdo vytvoří štítek k tomuto záznamu!
|
MARC
| LEADER | 00000cam a2200000 a 4500 | ||
|---|---|---|---|
| 001 | UCF1366 | ||
| 003 | CL-VaPUC | ||
| 008 | 120629e20101100CL |||||||||||||||||spa|d | ||
| 020 | |a 9789563350319 | ||
| 082 | 0 | 4 | |a 649.55 |b SAN |2 21 |
| 100 | 0 | |a Santis Márquez, Juan ANtonio |e author |9 562906 | |
| 245 | 1 | 0 | |a Juguetes: 100 años de fabricación chilena |
| 250 | |a 1a. ed | ||
| 300 | |a 219 p | ||
| 942 | |c BK | ||
| 945 | |d 20120629 00:00:00 |a dcastane | ||
| 260 | |a Santiago |b Ocho Libros |c 2010 | ||
| 650 | 7 | |a JUGUETES |2 CL-VaPUC |9 309284 | |
| 650 | 0 | |a Juegos infantiles |9 307365 | |
| 650 | 0 | |a Juegos |9 243060 | |
| 583 | |a last modification |c 20120629 12:35:00 |k Rodrigo Vera | ||
| 999 | |c 348175 |d 348173 | ||
| 952 | |0 0 |1 0 |4 0 |6 649_550000000000000_SAN_2010 |7 0 |8 X |9 450089 |a FDOBUD |b FDOBUD |d 2019-11-22 |i 483481K |o 649.55 SAN 2010 |p 483481K |r 2019-11-22 |w 2019-11-22 |y BK_X |k BUD | ||